| 000 | 00365pam a2200157a 44500 | ||
|---|---|---|---|
| 008 | 230515b2012 xxu||||| |||| 00| 0 eng d | ||
| 020 | _a9.78E+12 | ||
| 041 | _aENGLISH | ||
| 082 | _a616.07 | ||
| 100 | _aPRAHLOW JOSEPH A | ||
| 245 | _aATLAS OF FORENSIC PATHOLOGY | ||
| 250 | _a1ST | ||
| 260 |
_aUSA _bHUMANA PRESS _c2012 |
||
| 300 | _a906 | ||
| 650 | _aPATHOLOGY | ||
| 999 |
_c428649 _d428649 |
||